000 00708nam a22001937a 4500
001 113955
003 DR-UNIBE
005 20250731111444.0
008 250728b2006 dr ||||| |||| 00| 0 spa d
040 _aBIBLIOTECA UNIBE
_bspa
_cBIBLIOTECA UNIBE
_erda
041 _aspa
082 _aF-RD 6004
111 2 _aRepública Dominicana.
_9198069
_eSecretaría de Estado de Finanzas
245 1 0 _aLey no. 567-05 del 30 de diciembre del 2005, y su reglamento de aplicación decreto no. 441-06 df. 3 de octubre 2006
260 _aSanto Domingo :
_bSecretaría de Estado de Finanzas,
_c2006
300 _a54 páginas
650 _aHacienda pública
_xLegislación
_zRepública Dominicana
_9198071
942 _2ddc
_cMX
999 _c113955
_d113955